| 000 | 00636nam a22002057a 4500 | ||
|---|---|---|---|
| 999 |
_c15078 _d15078 |
||
| 003 | AR-CdUCM | ||
| 008 | 190425b ||||| |||| 00| 0 spa d | ||
| 020 | _a978-612-47135-0-7 | ||
| 040 |
_aMUNICIPALIDAD PROVINCIAL DEL CUSCO _cBIBLIOTECA MUNICIPAL DEL CUSCO |
||
| 082 |
_aEP / 803 / _bA19 |
||
| 100 |
_aAccilio, Nini _934094 |
||
| 245 | _aEl Inca, el león y el cuervo / | ||
| 260 |
_aPerú, _bArte & estilo Buch, _c2016. |
||
| 300 |
_a38 páginas : _bIlustraciones, _c28 cm. |
||
| 650 |
_aHuanuco _91885 |
||
| 650 |
_aLa ciudad de los leones _934095 |
||
| 650 |
_aCuento _94671 |
||
| 942 |
_2ddc _cLIBROS |
||
| 945 |
_adavv _d25/04/2019 |
||